| 000 | 01551nam0a22002891 4500 | ||
|---|---|---|---|
| 001 | rc\3644889 | ||
| 005 | 20250610090648.0 | ||
| 021 |
_aRU _b[74-40674] |
||
| 035 | _a(NLR Aleph) 007831119 | ||
| 090 |
_a9740951 _c9740951 |
||
| 100 | _a20130115d1974 |||y0rusy50 ca | ||
| 101 | 0 | _arus | |
| 102 | _aRU | ||
| 105 | _ay z ||||| | ||
| 200 | 1 |
_aРоль следователя в борьбе с преступностью _fНауч.-метод. совет по пропаганде знаний о государстве и праве при Правл. всесоюз. о-ва "Знание". Всесоюз. ин-т по изучению причин и разраб. мер предупреждения преступности. Отд. систематизации и пропаганды сов. законодательства Прокуратуры СССР |
|
| 210 |
_aМосква _cЗнание _d1974 |
||
| 215 |
_a33 с. _d20 |
||
| 300 | _aПеред загл. авт.: Михайлов А.И., канд. юрид. наук | ||
| 320 | _aСписок лит.: с. 32 (7 назв.) | ||
| 606 |
_aСледственная работа _jМатериалы для докладов, лекций и т. п. _2psbo |
||
| 700 | 1 |
_7ca _8rus _aМихайлов _bА. И. _cд-р юрид. наук, криминалистика _f1923-1997 _gАлександр Иванович _9255370 _3RU\NLR\AUTH\770255426 |
|
| 801 | 0 |
_aRU _bNLR _gpsbo |
|
| 801 | 1 |
_aRU _bELAR _2rusmarc |
|
| 852 |
_aNLR _j74-4/9209 |
||
| 942 | _cBOOK | ||
| 980 | _aNB | ||